List of books printed 1601-1700 (Record no. 5128)
[ view plain ]
| 000 -CABECERA | |
|---|---|
| campo de control de longitud fija | 01455nam a2200313 a 4500 |
| 001 - NÚMERO DE CONTROL | |
| campo de control | BRCA_5434 |
| 005 - FECHA Y HORA DE LA ÚLTIMA TRANSACCIÓN | |
| campo de control | 20190320205057.0 |
| 008 - DATOS DE LONGITUD FIJA--INFORMACIÓN GENERAL | |
| campo de control de longitud fija | 731029s1938####nyua######---#000-0#eng-# |
| 041 ## - CÓDIGO DE LENGUA | |
| Código de lengua del texto/banda sonora o título independiente | eng |
| 044 ## - CÓDIGO DEL PAÍS DE LA ENTIDAD EDITORA/PRODUCTORA | |
| Código MARC del país | nyu |
| 050 #4 - SIGNATURA TOPOGRÁFICA DE LA BIBLIOTECA DEL CONGRESO | |
| Número de clasificación | Z2682 |
| Número de documento/Ítem | .P46 1938 |
| 100 1# - ENTRADA PRINCIPAL--NOMBRE DE PERSONA | |
| Nombre de persona | Penney, Clara Louisa |
| 9 (RLIN) | 13873 |
| 245 10 - MENCIÓN DE TÍTULO | |
| Título | List of books printed 1601-1700 |
| Resto del título | in the Library of the Hispanic Society of America |
| Mención de responsabilidad, etc. | by Clara Louisa Penney. |
| 260 ## - PUBLICACIÓN, DISTRIBUCIÓN, ETC. | |
| Lugar de publicación, distribución, etc. | Nueva York |
| Nombre del editor, distribuidor, etc. | Order of Trustees |
| Fecha de publicación, distribución, etc. | 1938 |
| 300 ## - DESCRIPCIÓN FÍSICA | |
| Extensión | xxvi, 972 p. |
| Dimensiones | 20 cm. |
| 440 #0 - MENCIÓN DE SERIE/PUNTO DE ACCESO ADICIONAL--TÍTULO | |
| Título | Hispanic notes & monographs: essays, studies, and bref biographies issued by the Hispanic Society of America |
| 9 (RLIN) | 13874 |
| 500 ## - NOTA GENERAL | |
| Nota general | Incluye indice alfabético |
| 500 ## - NOTA GENERAL | |
| Nota general | Con apendices: I. Libros de Los Siglos XV y XVI no incluidos en la ´Lista de libros impresos antes de 1601´ (Nueva York, 1929). -- II. Lista revisada de imprentas e impresores de libros Hispanos 1468?-1700 |
| 500 ## - NOTA GENERAL | |
| Nota general | Ver también M22 para libros impresos antes de 1601 |
| 500 ## - NOTA GENERAL | |
| Nota general | M29 |
| 504 ## - NOTA DE BIBLIOGRAFÍA, ETC. | |
| Nota de bibliografía, etc. | Bibliografía: p. [vii]-xxvi |
| 650 14 - PUNTO DE ACCESO ADICIONAL DE MATERIA--TÉRMINO DE MATERIA | |
| Término de materia o nombre geográfico como elemento de entrada | Literatura española |
| Subdivisión general | Bibliografía |
| Subdivisión cronológica | Periodo Clásico 1500-1700 |
| 9 (RLIN) | 13875 |
| 650 14 - PUNTO DE ACCESO ADICIONAL DE MATERIA--TÉRMINO DE MATERIA | |
| Término de materia o nombre geográfico como elemento de entrada | Bibliografía |
| Subdivisión general | Primeros libros impresos |
| Subdivisión cronológica | Siglo XVII |
| Subdivisión geográfica | América Latina |
| 9 (RLIN) | 13876 |
| 650 14 - PUNTO DE ACCESO ADICIONAL DE MATERIA--TÉRMINO DE MATERIA | |
| Término de materia o nombre geográfico como elemento de entrada | Bibliografía |
| Subdivisión general | Primeros libros impresos |
| Subdivisión cronológica | Siglo XVII |
| Subdivisión geográfica | España |
| 9 (RLIN) | 13877 |
| 650 14 - PUNTO DE ACCESO ADICIONAL DE MATERIA--TÉRMINO DE MATERIA | |
| Término de materia o nombre geográfico como elemento de entrada | Libros ilustrados |
| Subdivisión de forma | Bibliografía |
| Subdivisión cronológica | Siglos XVII y XVIII |
| 9 (RLIN) | 13878 |
| 710 2# - PUNTO DE ACCESO ADICIONAL--NOMBRE DE ENTIDAD CORPORATIVA | |
| Nombre de entidad corporativa o nombre de jurisdicción como elemento de entrada | Hispanic Society of America |
| 9 (RLIN) | 13879 |
| 902 ## - CATALOGADOR | |
| Iniciales | GFM |
| 942 ## - ELEMENTOS DE PUNTO DE ACCESO ADICIONAL (KOHA) | |
| Fuente del sistema de clasificación o colocación | Library of Congress Classification |
| Tipo de ítem Koha | Libros |
| Estado de retiro | Estado de pérdida | Estado dañado | No para préstamo | Localización permanente | Ubicación/localización actual | Fecha de adquisición | Número de inventario | Total de préstamos | Signatura topográfica completa | Código de barras | Fecha visto por última vez | Precio válido a partir de | Tipo de ítem Koha |
|---|---|---|---|---|---|---|---|---|---|---|---|---|---|
| El ejemplar forma parte de la colección y puede ser consultado según las políticas vigentes. | Biblioteca del Museo Franz Mayer (Rogerio Casas-Alatriste) | Biblioteca del Museo Franz Mayer (Rogerio Casas-Alatriste) | 13/12/2010 | M29 | Z2682 .P46 1938 (M29) | 5869 | 22/03/2019 | 22/03/2019 | Libros |